000 01302nam a2200277 i 4500
001 000030581
003 DO-SdBNP
005 20260202124200.0
007 ta
008 110524s1953 dr 000 0 spa d
040 _aDO-SdBNP
_bspa
_cBNPHU
_erda
041 _aspa
082 4 _a972.93
_bU92h
_222
100 1 _aCipriano, Utrera de,
_d1886-1958
_eautor
_qFray Cipriano de Utrera
_4aut.
_957183
245 1 0 _aHistoria militar de Santo Domingo :
_bdocumentos y noticias /
_cCipriano de Utrera.
264 1 _aCiudad Trujillo, República Dominicana :
_bFranciscana,
_c1953.
300 _a3 volumenes ;
_c19 cm.
336 _atexto
_btxt
_2rdacontent
337 _asin mediación
_bn
_2rdamedia
338 _avolumen
_bnc
_2rdacarrier
500 _aFray Cipriano de Utrera (Capuchino). Comendador de la orden de Isabel la Católica individuo de número de academia dominicana de la historia, de las de Venezuela y Colombia, de la Antioqueña de Medellín y de The Academy of Franciscan History en Washington, y vocal de la comisión de honor del congreso de estudios hispanoamericanos del seminario de problemas hispanoamericanos de Madrid
590 _aInventariado, 2026/BT
651 4 _aRepública Dominicana
_xHistoria Militar
_92806
910 _aValidado. Control de calidad MFF
942 _2ddc
_cLBS1
999 _c30073
_d30073